000 00997cam a2200337 a 4500
001 4342
003 FISKH
005 20250807154413.0
008 910506s1992 nyua j 000 1 eng
010 _a 91016695
020 _a0590449486 :
020 _a9780590449489
040 _aDLC
_cDLC
_dDLC
_beng
050 _aPZ8.M127
082 _a468
100 1 _aMaccarone, Grace.
245 1 0 _aItchy, itchy chicken pox /
_cby Grace Maccarone ; illustrated by Betsy Lewin.
260 _aNew York :
_bScholastic,
_c1992.
300 _a30 pages :
_bcolor illustrations ;
_c23 cm
440 0 _aHello reader!
_nLevel 1
505 _aE
520 _aPeppy rhymes present the humorous side to a common ailment.
521 8 _a280
_bLexile
521 8 _aE
_bRaz-Plus
650 1 _aChicken pox
_xFiction.
650 1 _aStories in rhyme.
700 1 _aLewin, Betsy,
_eillustrator
906 _a7
_bcbc
_corignew
_d1
_eocip
_f19
_gy-gencatlg
942 _2ddc
_cBK
_n0
999 _c4342
_d4342